Szczegóły MARC21

WF (nie tylko) dla dziewcząt : piłki body ball, laski gimnastyczne, taśmy thera band, gimnastyka artystyczna /

005 -DATA I CZAS OSTATNIEJ MODYFIKACJI [,]
    • @
    • pole kontrolne
    • 20131112135845.0
020 -Międzynarod. znormalizowany nr książki - ISBN [ , ]
    • a
    • Numer ISBN
    • 9788376967837 Find
040 -Instytucja sporządzająca opis [ , ]
    • a
    • Instytucja, która sporządziła opis (NP)
    • SZCZ U/KLR
    • c
    • Instytucja, która sporządziła rekord (NP)
    • SZCZ U/KLR
    • d
    • Instytucja, która zmodyfikowała rekord (P)
    • SZCZ U/ML
041 -Język dokumentu [0, ]
    • a
    • Język tekstu (P)
    • polski
044 -Kraj miejsca wydania [ , ]
    • a
    • Kraj miejsca wydania
    • Polska
942 -Rodzaj dokumentu [ , ]
    • c
    • Rodzaj dokumentu
    • Książka
100 -Hasło główne - nazwa osobowa [1, ]
    • 9
    • KHW
    • 50700
    • a
    • Nazwa osobowa (NP)
    • Grzegorczyk, Beata.
245 -Strefa tytułu i oznaczenia odpowiedzialności [1,0]
    • a
    • Tytuł
    • WF (nie tylko) dla dziewcząt : Find
    • b
    • Ciąg dalszy tytułu (NP)
    • piłki body ball, laski gimnastyczne, taśmy thera band, gimnastyka artystyczna / Find
    • c
    • Pozostałe elementy strefy tytułu i oznaczenia odpowiedzialności (NP)
    • Beata Grzegorczyk, Lidia Korpak, Małgorzata Plichcińska.
260 -Strefa adresu wydawniczego [ , ]
    • a
    • Miejsce wydania (P)
    • Warszawa :
    • b
    • Nazwa wydawcy (P)
    • Dr Josef Raabe Spółka Wydawnicza,
    • c
    • Data wydania (P)
    • 2013.
300 -Strefa opisu fizycznego [ , ]
    • a
    • Określenie formy książki i/lub objętość (NP)
    • 119 s. :
    • b
    • Oznaczenie ilustracji (NP)
    • il. ;
    • c
    • Format (NP)
    • 30 cm.
490 -Strefa serii i książki wielotomowej - forma nie do wyszukiwania [1, ]
    • a
    • Tytuł (P)
    • Raabe Zajrzyj i Znajdź Find
830 -Hasło dodatkowe serii i opisu książki wielotomowej - tytuł ujednolicony/tytuł [ ,0]
    • 9
    • KHW
    • 49756
    • a
    • Tytuł ujednolicony/tytuł (NP)
    • Zajrzyj i Znajdź
504 -Uwaga dot. bibliogr. załącznikowej [ , ]
    • a
    • Uwaga dot. bibliografii załącznikowej
    • Bibliogr. po rozdz.
080 -Uniwersalna Klasyfikacja Dziesiętna [ , ]
    • 2
    • Identyfikator wydania tablic
    • UDC-P058
    • 9
    • UKD
    • 9914
    • a
    • Symbol klasyfikacji
    • 37.016:796
    • b
    • Dopowiedzenie
    • Nauczanie wychowania fizycznego.
    • 4
    • UKD2
    • 13100
    • x
    • Poddział wspólny
    • -055.25
    • c
    • Dopowiedzenie poddz. wspólnego
    • -Dziewczęta.
080 -Uniwersalna Klasyfikacja Dziesiętna [ , ]
    • 2
    • Identyfikator wydania tablic
    • UDC-P058
    • 9
    • UKD
    • 6281
    • a
    • Symbol klasyfikacji
    • 796.02
    • b
    • Dopowiedzenie
    • Zagadnienia techniczne sportu. Wyposażenie. Sprzęt sportowy. Ochrona przed wypadkami. Stroje sportowe
080 -Uniwersalna Klasyfikacja Dziesiętna [ , ]
    • 2
    • Identyfikator wydania tablic
    • UDC-P058
    • 9
    • UKD
    • 6313
    • a
    • Symbol klasyfikacji
    • 796.4
    • b
    • Dopowiedzenie
    • Gimnastyka. Lekkoatletyka. Akrobatyka.
980 -Symbol UKD [ , ]
    • a
    • UKD
    • 37.016:796-055.25:796.02:796.4
700 -Hasło dodatkowe - nazwa osobowa [1, ]
    • 9
    • KHW
    • 658997
    • a
    • Nazwa osobowa (NP)
    • Korpak, Lidia. Find
700 -Hasło dodatkowe - nazwa osobowa [1, ]
    • 9
    • KHW
    • 64451
    • a
    • Nazwa osobowa (NP)
    • Plichcińska, Małgorzata. Find
710 -Hasło dodatkowe - nazwa ciała zbiorowego [2, ]
    • 4
    • Kod relacji
    • pbl
    • 9
    • KHW
    • 55031
    • a
    • Nazwa ciała zbiorowego lub nazwa geograficzna jako pierwszy element (NP)
    • Wydawnictwo Raabe.
920 -ISBN [ , ]
    • a
    • ISBN
    • 978-83-7696-783-7 Find
Numer inwentarzowy Lokalizacja Status udost. Sygnatura Data inwentaryzacji
WF.9335BM1Gry i zabawy 572013-10-21